<?xml version="1.0" encoding="UTF-8"?>
<record
    xmlns:xsi="http://www.w3.org/2001/XMLSchema-instance"
    xsi:schemaLocation="http://www.loc.gov/MARC21/slim http://www.loc.gov/standards/marcxml/schema/MARC21slim.xsd"
    xmlns="http://www.loc.gov/MARC21/slim">

  <leader>02910cam a2200397 a 4500</leader>
  <controlfield tag="001">16075299</controlfield>
  <controlfield tag="003">OSt</controlfield>
  <controlfield tag="005">20260213140017.0</controlfield>
  <controlfield tag="008">100129s2010    ilu      b    000 0 eng  </controlfield>
  <datafield tag="010" ind1=" " ind2=" ">
    <subfield code="a">  2010004098</subfield>
  </datafield>
  <datafield tag="020" ind1=" " ind2=" ">
    <subfield code="a">9780830824120</subfield>
    <subfield code="q">paper - usa : alk. paper</subfield>
  </datafield>
  <datafield tag="020" ind1=" " ind2=" ">
    <subfield code="a">9781844744114</subfield>
    <subfield code="q">paper - uk : alk. paper</subfield>
  </datafield>
  <datafield tag="035" ind1=" " ind2=" ">
    <subfield code="a">16075299</subfield>
  </datafield>
  <datafield tag="035" ind1=" " ind2=" ">
    <subfield code="a">(OCoLC)460060896</subfield>
  </datafield>
  <datafield tag="040" ind1=" " ind2=" ">
    <subfield code="a">DLC</subfield>
    <subfield code="c">DLC</subfield>
    <subfield code="d">BTCTA</subfield>
    <subfield code="d">YDXCP</subfield>
    <subfield code="d">C#P</subfield>
    <subfield code="d">SGB</subfield>
    <subfield code="d">BWX</subfield>
    <subfield code="d">DTM</subfield>
    <subfield code="d">CDX</subfield>
    <subfield code="d">HNW</subfield>
    <subfield code="d">DLC</subfield>
  </datafield>
  <datafield tag="050" ind1="0" ind2="0">
    <subfield code="a">BS680.H54</subfield>
    <subfield code="b">T53 2010</subfield>
  </datafield>
  <datafield tag="082" ind1="0" ind2="0">
    <subfield code="a">234/.8</subfield>
    <subfield code="2">22</subfield>
  </datafield>
  <datafield tag="100" ind1="1" ind2=" ">
    <subfield code="a">Tidball, Derek.</subfield>
  </datafield>
  <datafield tag="245" ind1="1" ind2="4">
    <subfield code="a">The message of holiness :</subfield>
    <subfield code="b">restoring God's masterpiece /</subfield>
    <subfield code="c">Derek Tidball.</subfield>
  </datafield>
  <datafield tag="260" ind1=" " ind2=" ">
    <subfield code="a">Downers Grove, Ill. :</subfield>
    <subfield code="b">InterVarsity Press,</subfield>
    <subfield code="c">c2010.</subfield>
  </datafield>
  <datafield tag="300" ind1=" " ind2=" ">
    <subfield code="a">313 p. ;</subfield>
    <subfield code="c">21 cm.</subfield>
  </datafield>
  <datafield tag="336" ind1=" " ind2=" ">
    <subfield code="a">text</subfield>
    <subfield code="b">txt</subfield>
    <subfield code="2">rdacontent</subfield>
  </datafield>
  <datafield tag="337" ind1=" " ind2=" ">
    <subfield code="a">unmediated</subfield>
    <subfield code="b">n</subfield>
    <subfield code="2">rdamedia</subfield>
  </datafield>
  <datafield tag="338" ind1=" " ind2=" ">
    <subfield code="a">volume</subfield>
    <subfield code="b">nc</subfield>
    <subfield code="2">rdacarrier</subfield>
  </datafield>
  <datafield tag="490" ind1="1" ind2=" ">
    <subfield code="a">The Bible speaks today : Bible themes series</subfield>
  </datafield>
  <datafield tag="504" ind1=" " ind2=" ">
    <subfield code="a">Includes bibliographical references (p. 13-19).</subfield>
  </datafield>
  <datafield tag="505" ind1="0" ind2=" ">
    <subfield code="a">pt. 1. The foundation of holiness. God of the smoking mountain (Exodus 19:1-25) ; God in glory (Isaiah 6:1-13) ; God in Trinity (1 Peter 1:1-2, 13-21) -- pt. 2. Visions of holiness. Holiness as purity (Leviticus 11:1-47) ; Holiness as wisdom (Proverbs 2:1-22) ; Holiness as justice (Isaiah 58:1-14) -- pt. 3. The transformation of holiness. Holiness personified (Luke 1:35, 4:1, 34; 23:41) ; Holiness redefined (Matthew 5:20, 48; Mark 5:1-43; 7:1-23; Luke 14:1-4) ; Holiness orchestrated (John 17:6-19) -- pt. 4. The dimensions of holiness. Inner purity (Psalm 51) ; Personal holiness (1Thessalonians 4:1-12) ; Corporate holiness (1 Peter 2:4-10, Ephesians 4:17-5:20) ; Social holiness (Micah 6:1-8) -- pt. 5. Pathways to holiness. The Spirit of God (Galatians 5:13-6:10) ; The Word of God (2 Timothy 3:14-17) ; The discipline of God (Hebrews 12:1-17) ; Union with Christ (Romans 6:1-23) ; Conflict with the enemy (Ephesians 6:10-18) ; Separation from the world (2 Corinthians 6:14-7:1) -- pt. 6. The destination of holiness. To be like him (1 John 2:28-3:10) ; He will do it (1 Thessalonians 5:23-24) -- Study guide.</subfield>
  </datafield>
  <datafield tag="520" ind1=" " ind2=" ">
    <subfield code="a">Derek Tidball surveys the Scriptures for a comprehensive biblical understanding of this elusive mandate from God to "be holy as I am holy." The triune God of glory, he contends, sets us on paths that lead us through encounters with God, ourselves, our enemies and our companions to our ultimate destination, where we discover that we have been reshaped by God into his own image. --from publisher description</subfield>
  </datafield>
  <datafield tag="650" ind1=" " ind2="0">
    <subfield code="a">Holiness</subfield>
    <subfield code="x">Biblical teaching.</subfield>
  </datafield>
  <datafield tag="650" ind1=" " ind2="0">
    <subfield code="a">Holiness</subfield>
    <subfield code="x">Christianity.</subfield>
  </datafield>
  <datafield tag="830" ind1=" " ind2="0">
    <subfield code="a">Bible speaks today.</subfield>
    <subfield code="p">Bible themes series.</subfield>
  </datafield>
  <datafield tag="906" ind1=" " ind2=" ">
    <subfield code="a">7</subfield>
    <subfield code="b">cbc</subfield>
    <subfield code="c">orignew</subfield>
    <subfield code="d">1</subfield>
    <subfield code="e">ecip</subfield>
    <subfield code="f">20</subfield>
    <subfield code="g">y-gencatlg</subfield>
  </datafield>
  <datafield tag="942" ind1=" " ind2=" ">
    <subfield code="2">lcc</subfield>
    <subfield code="c">BK</subfield>
  </datafield>
  <datafield tag="999" ind1=" " ind2=" ">
    <subfield code="c">21219</subfield>
    <subfield code="d">21218</subfield>
  </datafield>
  <datafield tag="952" ind1=" " ind2=" ">
    <subfield code="0">0</subfield>
    <subfield code="1">0</subfield>
    <subfield code="2">lcc</subfield>
    <subfield code="7">0</subfield>
    <subfield code="a">KABU</subfield>
    <subfield code="b">KABU</subfield>
    <subfield code="c">GEN</subfield>
    <subfield code="d">2026-02-13</subfield>
    <subfield code="e">Donation</subfield>
    <subfield code="i">2025/3563</subfield>
    <subfield code="l">0</subfield>
    <subfield code="o">BS680.H54 T53 2010 C.1</subfield>
    <subfield code="p">39811</subfield>
    <subfield code="r">2026-02-13 14:01:06</subfield>
    <subfield code="t">C.1</subfield>
    <subfield code="w">2026-02-13</subfield>
    <subfield code="y">BK</subfield>
  </datafield>
</record>
